00538nam a22001691a 45000010005000000030004000050050017000090080041000260200015000670500016000821000024000982450146001222640023002683000010002916500027003017000040003287337OSt20260204212127.0071011s2004||||ag ||||||b||||||||||spa|| a9508084065 a320.01 F72p aFollori, Roberto A. aLa proliferación de los signos: la teoría social en tiempos de globalización / Roberto A. Follori, Nilda Bistue, Claudia Yarza (Coord.) aArgentina : Astrea a122 p aFilosofía Política aBistue, Nilda II.Yarza, ClaudiaÌ